Presidenti della Repubblica Italiana - Statistics

Statistiche generali
  • Questo quiz è stato fatto 5.384 volte
    5.356 dall'ultimo reset
  • Il punteggio medio è 10 su 13
Statistiche sulle risposte
Mandato Presidente % Corretto
2015-> Mattarella
98%
2006/13 Napolitano
95%
2013/15 Napolitano
95%
1978/85 Pertini
86%
1999/06 Ciampi
80%
1971/78 Leone
74%
1985/92 Cossiga
73%
1948 De Nicola
71%
1992/99 Scalfaro
69%
1948/55 Einaudi
68%
1964/71 Saragat
65%
1955/62 Gronchi
55%
1962/64 Segni
55%
Nessun quiz corrispondente trovato
Distribuzione punteggi
Percentuale di utenti per punteggio
Percentile per numero di risposta
I tuoi punteggi nel tempo
Non hai fatto questo quiz dall'ultimo reset